[Event "Schachfestival Senioren"]
[Site "Bad Woerishofen"]
[Date "2023.03.03"]
[Round "1.28"]
[White "Cerpnjak, Mirko"]
[Black "Kierzek, Mira"]
[Result "1/2-1/2"]
[WhiteElo "1702"]
[BlackElo "1989"]
[PlyCount "113"]
[EventDate "2023.??.??"]
[WhiteTeam "SC Groebenzell"]
[BlackTeam "SC Fulda"]

1. e4 d6 2. Nf3 Nf6 3. Nc3 g6 4. Be2 Bg7 5. d3 O-O 6. Bg5 h6 7. Bh4 Nbd7 8. O-O g5 9. Bg3 Nh5 10. Qd2 Nxg3 11. hxg3 c6 12. Nh2 a5 13. Nd1 d5 14. exd5 cxd5 15. d4 Nf6 16. Nc3 Bf5 17. f3 Rc8 18. Bd3 Bxd3 19. Qxd3 e6 20. Rf2 Qd6 21. Nf1 Nh5 22. Ne2 Qb6 23. Rb1 Rfe8 24. g4 Nf6 25. Nfg3 Qc7 26. c3 Rcd8 27. Nh5 Nxh5 28. gxh5 Bf6 29. f4 Rf8 30. Kf1 Qc4 31. Qxc4 dxc4 32. g3 b5 33. Kg2 Kg7 34. Kf3 b4 35. Ke4 Be7 36. f5 Bf6 37. fxe6 fxe6 38. Ng1 Rd5 39. Nf3 Rdd8 40. Ne5 Rd5 41. Nxc4 bxc3 42. bxc3 a4 43. Nb6 Rd6 44. Nxa4 Rf7 45. Nc5 Rc6 46. Kd3 e5 47. dxe5 Rxc5 48. exf6+ Kg8 49. Kd4 Rcc7 50. c4 Rfd7+ 51. Kc3 Kf7 52. g4 Rd6 53. Rbf1 Re6 54. Rd1 Re3+ 55. Rd3 Re1 56. Kb3 Re4 57. Rg3 1/2-1/2

[Event "Schachfestival Senioren"]
[Site "Bad Woerishofen"]
[Date "2023.03.03"]
[Round "1.29"]
[White "Walther, Reinhard"]
[Black "Wacker, Manfred"]
[Result "1-0"]
[WhiteElo "1987"]
[BlackElo "1718"]
[PlyCount "53"]
[EventDate "2023.??.??"]
[WhiteTeam "SK 1911 Herzogenaurach e.V."]
[BlackTeam "SC 1997 Lambsheim"]

1. d4 Nf6 2. Bg5 Ne4 3. Bf4 c5 4. f3 Nf6 5. d5 d6 6. e4 g6 7. Nc3 Bg7 8. Qd2 O-O 9. Nge2 Nh5 10. Bh6 Nd7 11. Ng3 Ndf6 12. Nxh5 Nxh5 13. g4 Bxh6 14. Qxh6 Nf6 15. h4 Kh8 16. Be2 e5 17. O-O-O Ng8 18. Qe3 h6 19. f4 exf4 20. Qxf4 Qe7 21. Rdf1 Kg7 22. Rf2 Bd7 23. Rhf1 Rae8 24. g5 Qe5 25. gxh6+ Kh7 26. Qxe5 Rxe5 27. Rxf7+ 1-0

[Event "Schachfestival Senioren"]
[Site "Bad Woerishofen"]
[Date "2023.03.03"]
[Round "1.30"]
[White "Rothenhagen, Siegfried"]
[Black "Stern, Geoffrey"]
[Result "1/2-1/2"]
[WhiteElo "1712"]
[BlackElo "1980"]
[PlyCount "49"]
[EventDate "2023.??.??"]
[WhiteTeam "Sportfr.Windach e.V.1923"]
[BlackTeam "Gambit Bonnevoie"]

1. d4 e6 2. Bf4 d5 3. Nd2 c5 4. e3 Nc6 5. c3 Bd6 6. Bg3 Nge7 7. Ngf3 O-O 8. Bd3 f5 9. Bxd6 Qxd6 10. O-O c4 11. Bc2 b5 12. b3 Bd7 13. b4 Rfb8 14. a4 Be8 15. axb5 Rxb5 16. Ba4 Rb6 17. Bxc6 Nxc6 18. Qc2 h6 19. Ra3 g5 20. Rfa1 g4 21. Ne5 Nxe5 22. dxe5 Qc7 23. f4 gxf3 24. Nxf3 Bh5 25. Qf2 1/2-1/2

[Event "Schachfestival Senioren"]
[Site "Bad Woerishofen"]
[Date "2023.03.03"]
[Round "1.31"]
[White "Waltenberger, Udo"]
[Black "Leser, Alfred"]
[Result "1-0"]
[WhiteElo "1978"]
[BlackElo "1689"]
[PlyCount "65"]
[EventDate "2023.??.??"]
[WhiteTeam "SV Eiche Reichenbrand"]
[BlackTeam "Schachfreunde Mengen"]

1. Nf3 c5 2. g3 Nc6 3. d4 cxd4 4. Nxd4 g6 5. Bg2 Bg7 6. Nxc6 bxc6 7. c4 Rb8 8. O-O Nf6 9. Nc3 Bb7 10. e4 O-O 11. Bf4 d6 12. Qd2 Re8 13. Rac1 Qa5 14. h3 Rbd8 15. Rfd1 d5 16. cxd5 cxd5 17. Nxd5 Qxd2 18. Rxd2 Nh5 19. Nxe7+ Kf8 20. Rxd8 Rxd8 21. Rc7 Nxf4 22. gxf4 Rb8 23. b3 Bh6 24. Nd5 a6 25. Rc4 Rd8 26. Kf1 Bg7 27. Rc7 Bc8 28. Ke2 Bd4 29. e5 a5 30. Ne3 Be6 31. Nc4 Bc3 32. Nd6 Kg8 33. Rxc3 1-0

[Event "Schachfestival Senioren"]
[Site "Bad Woerishofen"]
[Date "2023.03.03"]
[Round "1.32"]
[White "Titz, Waldemar"]
[Black "Remensberger, Paul"]
[Result "0-1"]
[WhiteElo "1710"]
[BlackElo "1977"]
[PlyCount "62"]
[EventDate "2023.??.??"]
[WhiteTeam "SV Rottweil"]
[BlackTeam "Herrliberg"]

1. e4 e6 2. c4 d5 3. exd5 exd5 4. cxd5 Nf6 5. Nc3 Nxd5 6. d4 Be7 7. Nf3 O-O 8. Be2 Be6 9. O-O Nd7 10. Bd2 c6 11. Rc1 Re8 12. Nxd5 Bxd5 13. a3 Bf6 14. Be3 Qb6 15. b4 Rad8 16. Qd2 Nf8 17. Qc3 Ne6 18. Rfd1 h6 19. Ne5 Bg5 20. Bxg5 Nxg5 21. Bc4 Bxc4 22. Qxc4 Rd5 23. f4 Ne6 24. Kh1 Rxd4 25. Rxd4 Qxd4 26. g3 Rd8 27. Qb3 Qe4+ 28. Kg1 Rd2 29. Nf3 Rd3 30. Rc3 Qe3+ 31. Kg2 Qxf3+ 0-1

[Event "Schachfestival Senioren"]
[Site "Bad Woerishofen"]
[Date "2023.03.03"]
[Round "1.33"]
[White "Halli, Gerhard"]
[Black "Mayer, Dietmar"]
[Result "1/2-1/2"]
[WhiteElo "1957"]
[BlackElo "1705"]
[PlyCount "67"]
[EventDate "2023.??.??"]
[WhiteTeam "SK 1947 Sandhausen e.V."]

1. d4 Nf6 2. Bg5 d5 3. Nf3 Ne4 4. Bh4 c6 5. c3 Qb6 6. Qb3 Bf5 7. Nbd2 Nd7 8. Nxe4 Bxe4 9. Nd2 Bg6 10. e3 e6 11. Be2 Bd6 12. Bg3 Bxg3 13. hxg3 Nf6 14. Qa3 Qc7 15. f4 Qe7 16. Qxe7+ Kxe7 17. Kf2 h5 18. Rh4 Bf5 19. Rah1 Ng4+ 20. Bxg4 Bxg4 21. e4 dxe4 22. Nxe4 b6 23. Ke3 Rh6 24. Nf2 Rah8 25. Nxg4 hxg4 26. Rxh6 gxh6 27. Rh5 f5 28. a4 Kd6 29. Kd3 b5 30. axb5 cxb5 31. b4 Kd5 32. Rh1 a6 33. Ra1 Ra8 34. Rh1 1/2-1/2

[Event "Schachfestival Senioren"]
[Site "Bad Woerishofen"]
[Date "2023.03.03"]
[Round "1.34"]
[White "Schnell, Franz"]
[Black "Schwalb, Manfred"]
[Result "0-1"]
[WhiteElo "1701"]
[BlackElo "1955"]
[PlyCount "88"]
[EventDate "2023.??.??"]
[WhiteTeam "SV Nusplingen"]
[BlackTeam "SV Calw"]

1. d4 Nf6 2. Nc3 g6 3. e4 d6 4. Be2 Bg7 5. h4 h5 6. Bg5 c6 7. Nf3 Qc7 8. Bf4 Ng4 9. Nh2 Nxh2 10. Bxh2 Nd7 11. Bg3 e5 12. d5 Nf6 13. O-O O-O 14. Qd2 cxd5 15. exd5 Bf5 16. Rac1 a6 17. Kh1 b5 18. a3 Kh7 19. Qd1 Bh6 20. Ra1 Ne4 21. Nxe4 Bxe4 22. c3 Bf5 23. f3 Qe7 24. Re1 Bd7 25. Bd3 f5 26. Qc2 Rac8 27. Bf2 Qf7 28. Rad1 Kg8 29. Bg3 Bg7 30. Rf1 Rc5 31. c4 bxc4 32. Bxc4 Bb5 33. b3 Rfc8 34. Qd3 Bxc4 35. bxc4 Rxc4 36. Bf2 e4 37. fxe4 fxe4 38. Qe2 Qf4 39. Be1 Qe5 40. Bf2 e3 41. Be1 Rc2 42. Qxa6 e2 43. Bb4 exd1=Q 44. Rxd1 Rc1 0-1

[Event "Schachfestival Senioren"]
[Site "Bad Woerishofen"]
[Date "2023.03.03"]
[Round "1.35"]
[White "Wagner, Franz"]
[Black "Eibl, Guenter"]
[Result "1-0"]
[WhiteElo "1954"]
[BlackElo "1693"]
[PlyCount "57"]
[EventDate "2023.??.??"]
[WhiteTeam "Ichenhausen"]
[BlackTeam "Schachfreunde Muenchen"]

1. e4 Nf6 2. e5 Nd5 3. c4 Nb6 4. d4 d6 5. f4 dxe5 6. fxe5 Nc6 7. Be3 Bf5 8. Nc3 e6 9. a3 Be7 10. Nf3 f6 11. Nh4 fxe5 12. Nxf5 exf5 13. d5 Nb8 14. c5 N6d7 15. d6 cxd6 16. cxd6 Bf6 17. Qd5 Nc6 18. Bc4 Qa5 19. Qe6+ Kd8 20. O-O Nd4 21. Bxd4 exd4 22. Rxf5 Qb6 23. Rb5 Re8 24. Qd5 Qc6 25. Rxb7 Qxd5 26. Nxd5 Nc5 27. Rc7 Ne6 28. Nxf6 Nxc7 29. dxc7+ 1-0

[Event "Schachfestival Senioren"]
[Site "Bad Woerishofen"]
[Date "2023.03.03"]
[Round "1.36"]
[White "Mitschka, Manfred"]
[Black "Schinnerl, Werner"]
[Result "1-0"]
[WhiteElo "1686"]
[BlackElo "1944"]
[PlyCount "73"]
[EventDate "2023.??.??"]
[WhiteTeam "SK Neuburg"]
[BlackTeam "SC Reutte"]

1. d4 e6 2. Nf3 f5 3. g3 Nf6 4. Bg2 d5 5. O-O Bd6 6. b3 O-O 7. Bb2 Ne4 8. Nbd2 Nd7 9. e3 Ndf6 10. Rc1 c6 11. c4 Bd7 12. Ne5 Be8 13. Bf3 Bb4 14. Nb1 g5 15. a3 Be7 16. h3 h5 17. Be2 Kh7 18. cxd5 exd5 19. Kg2 f4 20. Bd3 Kh6 21. Nd2 Nxf2 22. Kxf2 fxg3+ 23. Kxg3 g4 24. hxg4 Rg8 25. Bf5 Nxg4 26. Nxg4+ Rxg4+ 27. Bxg4 Bd6+ 28. Rf4 Qg5 29. Kh3 Bxf4 30. exf4 Qxf4 31. Qf3 hxg4+ 32. Qxg4 Qxd2 33. Rg1 Qe2 34. Rg3 Qe7 35. Qf5 Bd7 36. Bc1+ Qg5 37. Qxd7 1-0

[Event "Schachfestival Senioren"]
[Site "Bad Woerishofen"]
[Date "2023.03.03"]
[Round "1.37"]
[White "Scharrer, Udo"]
[Black "Flockerzi, Armin"]
[Result "1-0"]
[WhiteElo "1942"]
[BlackElo "1669"]
[PlyCount "65"]
[EventDate "2023.??.??"]
[WhiteTeam "SV Dicker Turm Esslingen"]
[BlackTeam "VfR-SC Koblenz"]

1. d4 d5 2. c4 c6 3. Nf3 dxc4 4. e3 Nf6 5. Bxc4 g6 6. O-O Bg7 7. Qb3 e6 8. a4 O-O 9. Rd1 Qc7 10. Bd2 Re8 11. Nc3 Nbd7 12. Rac1 Qb6 13. Qa2 Nd5 14. a5 Nxc3 15. Bxc3 Qd8 16. Bb4 Nf6 17. Be2 Nd5 18. Be1 Bd7 19. Qa3 Rb8 20. Bb4 b5 21. Bd6 Bf8 22. Bxf8 Rxf8 23. Ne5 Ne7 24. Bf3 Rc8 25. Qd6 Rc7 26. g4 f5 27. Nxd7 Rxd7 28. Qxe6+ Rf7 29. b4 Rd6 30. Qe5 fxg4 31. Bxg4 Rff6 32. Rd2 Rd5 33. Qxf6 1-0

[Event "Schachfestival Senioren"]
[Site "Bad Woerishofen"]
[Date "2023.03.03"]
[Round "1.38"]
[White "Eigenmann, Christina"]
[Black "Braeu, Wolfgang"]
[Result "0-1"]
[WhiteElo "1664"]
[BlackElo "1921"]
[PlyCount "70"]
[EventDate "2023.??.??"]
[WhiteTeam "Schweizer Schachsenioren"]
[BlackTeam "ASV Martinszell Abteilung Schach"]

1. d4 g6 2. e3 d5 3. c4 c6 4. cxd5 cxd5 5. Nc3 Nf6 6. Bd3 Bg7 7. Nge2 O-O 8. O-O Nc6 9. a3 a6 10. Bd2 b5 11. Rc1 Bb7 12. Na2 Ne4 13. Be1 e6 14. Bxe4 dxe4 15. Nb4 Qd7 16. Nxc6 Bxc6 17. Bb4 Rfe8 18. Bc5 Qb7 19. Qc2 Rec8 20. Rfd1 a5 21. b3 g5 22. Rd2 Be8 23. Qd1 Rd8 24. Ng3 f5 25. Ne2 Bf7 26. h4 h6 27. hxg5 hxg5 28. Ng3 Kh7 29. Rdc2 Rd7 30. f3 exf3 31. gxf3 Rc8 32. Rh2+ Kg8 33. Qc2 Bg6 34. Qg2 Bf8 35. Nxf5 Bxf5 0-1

[Event "Schachfestival Senioren"]
[Site "Bad Woerishofen"]
[Date "2023.03.03"]
[Round "1.39"]
[White "Cordara, Michele"]
[Black "Goris-Schouwstra, Adry"]
[Result "1-0"]
[WhiteElo "1917"]
[BlackElo "1659"]
[PlyCount "59"]
[EventDate "2023.??.??"]
[WhiteTeam "Scaccomattissimo"]

1. c4 c5 2. g3 g6 3. Bg2 Bg7 4. Nc3 Nf6 5. d4 cxd4 6. Qxd4 Nc6 7. Qd2 O-O 8. Nh3 d6 9. Nf4 Bd7 10. O-O Qc8 11. b3 Ne5 12. Bb2 Bc6 13. Bh3 Qe8 14. Rac1 Qd8 15. Nfd5 Bxd5 16. cxd5 Ned7 17. Nb5 Rc8 18. Rxc8 Qxc8 19. Rc1 Qd8 20. Nxa7 Qb6 21. Nc8 Qd8 22. b4 Ne4 23. Qc2 Bxb2 24. Qxb2 Nef6 25. Qd4 Re8 26. a4 Nf8 27. a5 N6d7 28. Qa7 Nf6 29. Qxb7 e6 30. a6 1-0

[Event "Schachfestival Senioren"]
[Site "Bad Woerishofen"]
[Date "2023.03.03"]
[Round "1.40"]
[White "Gottwald, Helmut"]
[Black "Kainz, Josef"]
[Result "0-1"]
[WhiteElo "1659"]
[BlackElo "1913"]
[PlyCount "104"]
[EventDate "2023.??.??"]
[WhiteTeam "Keiner"]
[BlackTeam "Frauental"]

1. d4 Nf6 2. Nc3 d5 3. Nf3 g6 4. e3 Bg7 5. Bd3 O-O 6. e4 dxe4 7. Nxe4 Nc6 8. Nxf6+ exf6 9. c3 Re8+ 10. Be3 Bh6 11. Qd2 Qe7 12. Bb5 Bd7 13. d5 Na5 14. Bxd7 Qxd7 15. Qd4 b5 16. O-O-O Bxe3+ 17. fxe3 f5 18. Rhe1 Nc4 19. Nd2 Nd6 20. e4 fxe4 21. Nxe4 Nxe4 22. Rxe4 Rxe4 23. Qxe4 Re8 24. Qd3 Rd8 25. Qf3 a5 26. a3 Qe7 27. Qf1 Qg5+ 28. Kc2 Rxd5 29. Rxd5 Qxd5 30. Qe2 Qf5+ 31. Kc1 h5 32. g3 Qc5 33. Qd2 b4 34. Qd8+ Kg7 35. Qd4+ Qxd4 36. cxd4 Kf6 37. axb4 axb4 38. Kd2 Ke6 39. Kd3 Kd5 40. b3 g5 41. h4 gxh4 42. gxh4 f5 43. Ke3 c6 44. Kf4 Kxd4 45. Kxf5 Kc3 46. Kg5 Kxb3 47. Kxh5 Ka2 48. Kg6 b3 49. h5 b2 50. h6 b1=Q+ 51. Kg7 Qg1+ 52. Kf8 Qg6 0-1

[Event "Schachfestival Senioren"]
[Site "Bad Woerishofen"]
[Date "2023.03.03"]
[Round "1.41"]
[White "Schwis, Joachim"]
[Black "Mahrla, Hans"]
[Result "1-0"]
[WhiteElo "1912"]
[BlackElo "1654"]
[PlyCount "61"]
[EventDate "2023.??.??"]
[WhiteTeam "SK Koeln-Suedwest"]
[BlackTeam "SC Eichenau"]

1. c4 e6 2. Nf3 d5 3. b3 d4 4. g3 c5 5. Bg2 Nc6 6. O-O Nf6 7. d3 Bd6 8. e4 e5 9. Nh4 h6 10. Na3 a6 11. Nc2 g5 12. Nf5 Bxf5 13. exf5 Qd7 14. f4 gxf4 15. gxf4 exf4 16. Bxf4 Bxf4 17. Rxf4 Rg8 18. Qf3 O-O-O 19. Re1 Qd6 20. b4 Rd7 21. bxc5 Qxc5 22. Kh1 Ne5 23. Qe2 Re7 24. Re4 Nxe4 25. Bxe4 Nc6 26. Rb1 Qxf5 27. Bxf5+ Kd8 28. Qf3 Ne5 29. Qd5+ Nd7 30. Rxb7 Rg5 31. Rxd7+ 1-0

[Event "Schachfestival Senioren"]
[Site "Bad Woerishofen"]
[Date "2023.03.03"]
[Round "1.42"]
[White "Vaclahovsky, Gerhard"]
[Black "Goris, Ton"]
[Result "1/2-1/2"]
[WhiteElo "1648"]
[BlackElo "1905"]
[PlyCount "45"]
[EventDate "2023.??.??"]
[WhiteTeam "SK Keres-Augsburg 1980"]

1. e4 e6 2. d4 d5 3. exd5 exd5 4. Bd3 Bd6 5. Nf3 Ne7 6. O-O Bg4 7. Bg5 f6 8. Bh4 Nbc6 9. c3 Qd7 10. Nbd2 O-O-O 11. Qb3 Na5 12. Qc2 Bf5 13. Bg3 Bxd3 14. Qxd3 Bxg3 15. fxg3 Ng6 16. Rae1 Rhe8 17. Rxe8 Rxe8 18. Re1 Rxe1+ 19. Nxe1 Qe6 20. Kf2 a6 21. Qe3 Qxe3+ 22. Kxe3 Nc6 23. Nd3 1/2-1/2

[Event "Schachfestival Senioren"]
[Site "Bad Woerishofen"]
[Date "2023.03.03"]
[Round "1.43"]
[White "Harsch, Martin"]
[Black "Mueggenburg, Rolf"]
[Result "1/2-1/2"]
[WhiteElo "1888"]
[BlackElo "1643"]
[PlyCount "75"]
[EventDate "2023.??.??"]
[WhiteTeam "Saanenland"]
[BlackTeam "SSC Graal-Mueritz"]

1. e4 c5 2. Nf3 Nc6 3. Bb5 a6 4. Bxc6 dxc6 5. d3 Bg4 6. O-O e5 7. Be3 Qb6 8. Nbd2 f6 9. Rb1 Qc7 10. h3 Bh5 11. a4 a5 12. Qe1 Bf7 13. Nh4 g6 14. f4 b5 15. fxe5 Qxe5 16. Nhf3 Qc7 17. Qf2 Be6 18. Kh1 Bd6 19. Bxc5 Bg3 20. Qg1 h5 21. Nh2 Qd7 22. Rf3 h4 23. e5 f5 24. Qd4 Qxd4 25. Bxd4 Ne7 26. Nhf1 f4 27. Ne4 Nf5 28. Bc5 Bd5 29. Nfd2 Kf7 30. Rff1 Rh5 31. Nf6 Rhh8 32. c4 bxc4 33. dxc4 Be6 34. Nde4 Bxc4 35. Rfd1 Rhd8 36. Bb6 Rxd1+ 37. Rxd1 Bd5 38. Ng5+ 1/2-1/2

[Event "Schachfestival Senioren"]
[Site "Bad Woerishofen"]
[Date "2023.03.03"]
[Round "1.44"]
[White "Schomann, Michael"]
[Black "Gerl, Hans"]
[Result "1/2-1/2"]
[WhiteElo "1630"]
[BlackElo "1883"]
[PlyCount "143"]
[EventDate "2023.??.??"]
[WhiteTeam "TSV Kuecknitz v. 1911 e.V."]
[BlackTeam "SGem 1882 Fuerth"]

1. d4 Nf6 2. c4 e6 3. Nc3 Bb4 4. Bd2 O-O 5. Nf3 b6 6. e3 Bb7 7. Be2 d5 8. cxd5 exd5 9. O-O a6 10. Rc1 Bd6 11. h3 Re8 12. a3 Nbd7 13. Qb3 Nf8 14. Kh1 Ng6 15. Bd3 Bf8 16. Ng5 Qd7 17. Qc2 Qe7 18. Ne2 c5 19. Ng3 c4 20. Bf5 a5 21. Rce1 Ne4 22. N5xe4 dxe4 23. Bg4 Nh4 24. Qa4 Red8 25. Bc3 g6 26. Be2 Rac8 27. Bxc4 Qc7 28. Be2 Bd6 29. Qb3 Bxg3 30. fxg3 Bd5 31. Qc2 Qxg3 32. Bd1 Bc4 33. Rf4 Bd3 34. Qf2 Qxf2 35. Rxf2 Nf5 36. Kh2 Ne7 37. Bc2 Nd5 38. Bxd3 exd3 39. Rd2 Nxc3 40. bxc3 Rxc3 41. Red1 Rxa3 42. Rxd3 Rxd3 43. Rxd3 f5 44. h4 Kf7 45. g3 Ke6 46. Rb3 Rd6 47. Rb5 Kf6 48. Kg2 h6 49. Kf3 Re6 50. Kf4 Rc6 51. e4 fxe4 52. Kxe4 Ke7 53. Ke5 Re6+ 54. Kf4 Kd7 55. d5 Rd6 56. g4 Kc7 57. Ke5 Rd8 58. Kf6 Rf8+ 59. Kxg6 Rf4 60. g5 hxg5 61. Kxg5 Rb4 62. Rxb4 axb4 63. h5 b3 64. h6 b2 65. h7 b1=Q 66. h8=Q Qc1+ 67. Kf5 Qf1+ 68. Ke6 Qe2+ 69. Qe5+ Qxe5+ 70. Kxe5 Kd7 71. Kd4 Kd6 72. Kc4 1/2-1/2

[Event "Schachfestival Senioren"]
[Site "Bad Woerishofen"]
[Date "2023.03.03"]
[Round "1.45"]
[White "Wuest, Michael"]
[Black "Narr, Irmgard"]
[Result "1-0"]
[WhiteElo "1881"]
[BlackElo "1620"]
[PlyCount "97"]
[EventDate "2023.??.??"]
[WhiteTeam "PTSV SK Hof 1892"]
[BlackTeam "SC Muehlhof-Reichelsdorf e.V."]

1. e4 e6 2. d4 d5 3. Nc3 dxe4 4. Nxe4 Nf6 5. Bg5 Be7 6. Bxf6 Bxf6 7. Nf3 b6 8. Qd2 Bb7 9. Bd3 Nc6 10. c3 a6 11. O-O-O h6 12. Kb1 a5 13. h4 a4 14. g4 Be7 15. g5 a3 16. b3 Ba6 17. Bc2 b5 18. Rhg1 b4 19. c4 hxg5 20. hxg5 Qd7 21. g6 f6 22. Rh1 O-O-O 23. Qe2 Rxh1 24. Rxh1 Nxd4 25. Qe3 c5 26. Rd1 e5 27. Ng3 Qc7 28. Nf5 Bf8 29. N3xd4 cxd4 30. Qf3 Bb7 31. Be4 Bxe4+ 32. Qxe4 Kb8 33. Kc2 Qc5 34. Kd3 Qc7 35. Rh1 Bc5 36. Rh7 Rg8 37. Qd5 Qc8 38. Nxg7 Bb6 39. f3 Rh8 40. Ne6 Rxh7 41. gxh7 Qh8 42. Qd6+ Ka7 43. Qd7+ Kb8 44. Qg7 Qxg7 45. Nxg7 f5 46. h8=Q+ Kb7 47. Nxf5 Bc7 48. Ne7 Kb6 49. Nd5+ 1-0

[Event "Schachfestival Senioren"]
[Site "Bad Woerishofen"]
[Date "2023.03.03"]
[Round "1.46"]
[White "Collins, Alan"]
[Black "Stern, Robert"]
[Result "0-1"]
[WhiteElo "1608"]
[BlackElo "1877"]
[PlyCount "82"]
[EventDate "2023.??.??"]
[WhiteTeam "Cowley"]
[BlackTeam "Pimlico"]

1. f4 c5 2. d3 Nc6 3. e4 g6 4. Nf3 Bg7 5. c3 d5 6. exd5 Qxd5 7. Na3 Bf5 8. Nc2 Nh6 9. Ne3 Qd7 10. Nxf5 Nxf5 11. Be2 O-O 12. O-O Rfd8 13. Ng5 b6 14. Rf3 e6 15. Rh3 h6 16. Ne4 Nd6 17. Nxd6 Qxd6 18. Qf1 Ne7 19. Bd2 Rd7 20. Rd1 Rad8 21. Be1 Nf5 22. g4 Ne7 23. Rf3 Qd5 24. Ra1 Re8 25. Bg3 Kh7 26. Re3 f5 27. Bf3 Qd6 28. Rae1 Nd5 29. Bxd5 Qxd5 30. gxf5 Qxf5 31. Qe2 Rd6 32. Re4 Red8 33. d4 cxd4 34. cxd4 Bxd4+ 35. Kh1 Bg7 36. b3 Rd2 37. Qa6 Qh3 38. Rg1 Rxh2+ 39. Bxh2 Qf3+ 40. Rg2 Qxe4 41. Qxa7 Rd2 0-1

[Event "Schachfestival Senioren"]
[Site "Bad Woerishofen"]
[Date "2023.03.03"]
[Round "1.47"]
[White "Green, Per"]
[Black "Dreisch, Juergen"]
[Result "1-0"]
[WhiteElo "1876"]
[BlackElo "1590"]
[PlyCount "65"]
[EventDate "2023.??.??"]
[WhiteTeam "Argryte SK"]
[BlackTeam "SK Markt Schwaben"]

1. c4 g5 2. Nc3 Bg7 3. g3 Nc6 4. Bg2 d6 5. d3 h6 6. h4 g4 7. e3 h5 8. Nge2 e5 9. d4 exd4 10. exd4 Bf5 11. Bg5 Bf6 12. Bxf6 Nxf6 13. O-O Qd7 14. Re1 O-O-O 15. a3 Na5 16. b3 Rhe8 17. Rc1 Kb8 18. Nd5 Nxd5 19. Bxd5 Be4 20. b4 Nc6 21. Bxe4 Rxe4 22. b5 Na5 23. Nf4 Rxe1+ 24. Qxe1 b6 25. Nxh5 Re8 26. Qf1 Qe6 27. Ng7 Qe2 28. Nxe8 Qxe8 29. Re1 Qh8 30. Qd3 f5 31. c5 d5 32. Qxf5 Qxd4 33. Re8+ 1-0

[Event "Schachfestival Senioren"]
[Site "Bad Woerishofen"]
[Date "2023.03.03"]
[Round "1.48"]
[White "Richter, Stefan"]
[Black "McAndrew, Robert"]
[Result "0-1"]
[WhiteElo "1589"]
[BlackElo "1874"]
[PlyCount "80"]
[EventDate "2023.??.??"]
[WhiteTeam "Langenberg"]
[BlackTeam "Gambit Bonnevoie"]

1. c4 g6 2. d4 Bg7 3. Nf3 c5 4. e3 Nf6 5. Nc3 cxd4 6. Nxd4 O-O 7. g3 Nc6 8. Bg2 a6 9. O-O Rb8 10. b3 Nxd4 11. exd4 b5 12. Bf4 d6 13. c5 Nh5 14. Qd2 Nxf4 15. Qxf4 e5 16. dxe5 Bxe5 17. Qe3 b4 18. cxd6 Bxc3 19. Rad1 Bd7 20. Bd5 Re8 21. Qf3 Qf6 22. Qg2 Rb6 23. Rd3 Rxd6 24. Rf3 Bf5 25. g4 Rxd5 26. gxf5 Rxf5 27. Rxf5 Qxf5 28. Qc6 Qg4+ 29. Kh1 Qe4+ 30. Qxe4 Rxe4 31. Kg2 Re2 32. Rd1 Rxa2 33. Kg3 a5 34. h4 a4 35. bxa4 Rxa4 36. Kg4 Kg7 37. f4 h5+ 38. Kf3 b3 39. Rg1 b2 40. f5 Ra1 0-1

[Event "Schachfestival Senioren"]
[Site "Bad Woerishofen"]
[Date "2023.03.03"]
[Round "1.49"]
[White "Bachmann, Rolf"]
[Black "Koppenhoefer, Heinz"]
[Result "1-0"]
[WhiteElo "1870"]
[BlackElo "1560"]
[PlyCount "99"]
[EventDate "2023.??.??"]
[WhiteTeam "Hammer Sportclub 2008 e. V."]
[BlackTeam "TSV Solln Schachabteilung"]

1. d4 d5 2. Nf3 Nf6 3. Bf4 e6 4. c3 Nbd7 5. Nbd2 Nb6 6. e3 h6 7. Ne5 c5 8. Be2 cxd4 9. exd4 Bd7 10. O-O Rc8 11. a4 a5 12. Qb3 Be7 13. g4 Bc6 14. Bg3 O-O 15. Nxc6 Rxc6 16. f3 Ne8 17. Kg2 Bd6 18. f4 f5 19. Nf3 Nc4 20. Bxc4 dxc4 21. Qc2 fxg4 22. Nd2 Qc7 23. Qe4 Qc8 24. d5 exd5 25. Qxd5+ Kh8 26. Rae1 Bxf4 27. Rxf4 Nf6 28. Qf5 Qd8 29. Rd4 Qb6 30. Nxc4 Qb3 31. Ne5 Qxb2+ 32. Bf2 Rxc3 33. Ng6+ Kg8 34. Nxf8 Rc2 35. Qe6+ Kh8 36. Qe3 Qa2 37. Ng6+ Kg8 38. Ne5 Nd5 39. Rxd5 Qxd5+ 40. Qe4 Qa2 41. Nxg4 Rc4 42. Nxh6+ Kh8 43. Qg6 Rc8 44. Re8+ Rxe8 45. Qxe8+ Kh7 46. Ng4 Qd5+ 47. Kh3 Qf3+ 48. Bg3 Qf1+ 49. Kh4 Qc4 50. Qb5 1-0

[Event "Schachfestival Senioren"]
[Site "Bad Woerishofen"]
[Date "2023.03.03"]
[Round "1.50"]
[White "Hotz, Herbert"]
[Black "Wegemund, Hubert"]
[Result "0-1"]
[WhiteElo "1553"]
[BlackElo "1869"]
[PlyCount "74"]
[EventDate "2023.??.??"]
[WhiteTeam "SC 1970 Lorsch"]
[BlackTeam "SK Norderstedt von 1975"]

1. c4 f5 2. g3 Nf6 3. Bg2 d6 4. Nc3 g6 5. e3 Bg7 6. Nge2 e5 7. d3 O-O 8. O-O Nc6 9. f4 Qe8 10. Rb1 Ne7 11. b4 c6 12. a4 Be6 13. b5 e4 14. Nd4 Bf7 15. bxc6 bxc6 16. Rf2 Rb8 17. Rfb2 Rxb2 18. Rxb2 Qc8 19. Bf1 a6 20. Qb3 c5 21. Nc2 Nc6 22. Qb7 exd3 23. Qxc8 Rxc8 24. Bxd3 Ne4 25. Nxe4 fxe4 26. Bxe4 Bxb2 27. Bxb2 Bxc4 28. f5 d5 29. Bg2 gxf5 30. Bh3 Bd3 31. Ne1 Be4 32. g4 Rb8 33. Bf6 Kf7 34. Bg5 fxg4 35. Bxg4 Rg8 36. h4 h6 37. Bd7 Ne5 0-1

[Event "Schachfestival Senioren"]
[Site "Bad Woerishofen"]
[Date "2023.03.03"]
[Round "1.51"]
[White "Christen, Pierre"]
[Black "Hertkorn, Dieter"]
[Result "1-0"]
[WhiteElo "1855"]
[BlackElo "1549"]
[PlyCount "115"]
[EventDate "2023.??.??"]
[WhiteTeam "SG Trier 1877 e.V."]
[BlackTeam "SF Blaustein"]

1. c4 c5 2. g3 Nf6 3. Bg2 e6 4. Nc3 Nc6 5. e4 Be7 6. Nge2 O-O 7. O-O d6 8. d4 cxd4 9. Nxd4 Nxd4 10. Qxd4 e5 11. Qd3 a6 12. h3 Be6 13. b3 Qd7 14. Kh2 Ne8 15. Nd5 Bxd5 16. Qxd5 Nc7 17. Qd3 Ne6 18. Bb2 Rad8 19. Rad1 f6 20. h4 Qc6 21. Qe2 Qe8 22. Bh3 Nc7 23. Rd2 Qf7 24. Rfd1 g6 25. Qe3 Ne6 26. Qb6 Rb8 27. Bxe6 Qxe6 28. Ba3 Rfd8 29. Bxd6 Bf8 30. Bc7 Qxb6 31. Bxb6 Rxd2 32. Rxd2 h5 33. Rd7 Bg7 34. Bc7 Rf8 35. Bd6 Rf7 36. Rd8+ Kh7 37. Kg2 Bh6 38. f4 exf4 39. gxf4 g5 40. e5 fxe5 41. fxe5 gxh4 42. e6 Rg7+ 43. Kh3 Bg5 44. Rd7 Bf6 45. e7 Bxe7 46. Rxe7 Rxe7 47. Bxe7 Kg6 48. b4 Kf5 49. a4 Ke4 50. a5 Kd4 51. c5 Kc4 52. Kxh4 Kd5 53. Kxh5 Ke6 54. Bd6 Kf5 55. b5 axb5 56. c6 bxc6 57. a6 Ke6 58. Bf8 1-0

[Event "Schachfestival Senioren"]
[Site "Bad Woerishofen"]
[Date "2023.03.03"]
[Round "1.52"]
[White "Schlemminger, Degenhard"]
[Black "Ganslmayer, Anton"]
[Result "0-1"]
[WhiteElo "1548"]
[BlackElo "1856"]
[PlyCount "96"]
[EventDate "2023.??.??"]
[WhiteTeam "SV Reutlingen"]
[BlackTeam "SV Jedesheim"]

1. c4 e6 2. Nc3 b6 3. e4 Bb7 4. d4 Bb4 5. Bd3 f5 6. Qc2 Nf6 7. Bg5 fxe4 8. Bxf6 Qxf6 9. Bxe4 Bxe4 10. Qxe4 O-O 11. Nf3 Nc6 12. a3 Bxc3+ 13. bxc3 Na5 14. Qd3 c5 15. O-O Rac8 16. Ne5 Rc7 17. Qg3 d6 18. Ng4 Qf4 19. Rad1 Nxc4 20. dxc5 Rxc5 21. Ne3 Qxg3 22. hxg3 Nxe3 23. fxe3 Rxf1+ 24. Kxf1 Rxc3 25. Rxd6 Rxa3 26. Rxe6 Kf7 27. Rc6 Rxe3 28. Kf2 Re6 29. Rc7+ Re7 30. Rc6 Rb7 31. Ke3 a5 32. Kd2 Ke7 33. Rc3 b5 34. Kc2 b4 35. Re3+ Kf6 36. Kb3 a4+ 37. Kxa4 b3 38. Rxb3 Rxb3 39. Kxb3 Kg5 40. Kc3 Kg4 41. Kd3 Kxg3 42. Ke3 Kxg2 43. Kf4 h6 44. Kg4 g5 45. Kh5 Kf3 46. Kxh6 g4 47. Kh5 g3 48. Kh4 g2 0-1